Klasifikácia porúch chôdze

Bibliographic Details
Main Authors: Valkovič, Peter, 1976- (Author), Růžička, Evžen, 1957- (Author)
Format: Article
Language:Slovak

MARC

LEADER 00000nab a2200000 a 4500
001 vtls011101415
003 SK-MaSNL
005 20260303210813.0
008 230127|2013 xo |||||||||||||||||slo|
015 |a SNBRB 
035 |a (uuid)9616506b-450f-417e-8832-16e2d5cef0cf 
035 |a (urnnbn)urn:nbn:sk:snk:ar-0076di 
035 |a urn:nbn:sk:snk-ab97cc 
040 |a SNKBUCL  |b slo  |c SNKBUCL  |e AACR2 
041 0 |a slo 
044 |a xo  |c SK 
100 1 |a Valkovič, Peter,  |d 1976-  |4 aut  |9 208405 
245 1 0 |a Klasifikácia porúch chôdze  |c Peter Valkovič, Evžen Růžička 
700 1 |a Růžička, Evžen,  |d 1957-  |4 aut  |9 223995 
773 0 |t Neurológia pre prax  |g Roč. 14, č. 4 (2013), s. 186-188 
954 |a odborná, vedecká literatúra pôvodná (slovenská)  |2 lita 
954 |a odborná, vedecká literatúra cudzojazyčná (svetová)  |2 lita 
958 |a OND 
958 |a EUIPO 
958 |a article13 
999 |c 2201834  |d 2203764